Music Quiz

Random Music or Billboard Quiz
Score 0/22 Timer 07:00
0 Plays Today
Letter and Song Artist % Correct
O - WonderwallOasis
89.9%
V - Bitter Sweet SymphonyThe Verve
75.6%
A - Ant MusicAdam and the Ants
62.9%
M - Our HouseMadness
61.6%
F - Take Me OutFranz Ferdinand
54.9%
B - I Don't Like MondaysBoomtown Rats
49.3%
T - Get It OnT Rex
46.2%
D - Enjoy the SilenceDepeche Mode
41.5%
P - Fairytale of New YorkThe Pogues
41.1%
W - Rock DJRobbie Williams
40.7%
G - Rock and Roll (Parts 1 and 2)Gary Glitter
39%
Letter and Song Artist % Correct
N - Blue MondayNew Order
37.1%
J - Town Called MaliceThe Jam
36.8%
L - To Sir With LoveLulu
33.4%
C - VeronicaElvis Costello
30.4%
R - Devil WomanCliff Richard
26.4%
E - The Killing MoonEcho & the Bunnymen
24.9%
Y - SituationYazoo
21.9%
K - Club FootKasabian
21.8%
X - Mayor of SimpletonXTC
20.9%
U - Reap the Wild WindUltravox
13.3%
S - Kiss Them For MeSiouxsie and the Banshees
9.9%
Remove Ads.
Support Sporcle.
Get the best of Sporcle when you Go Orange. This ad-free experience offers more features, more stats, and more fun while also helping to support Sporcle. Thank you for becoming a member.

You're not logged in!

Compare scores with friends on all Sporcle quizzes.
OR
Log In

Show Comments

Extras

Top Quizzes Today


Score Distribution

Your Account Isn't Verified!

In order to create a playlist on Sporcle, you need to verify the email address you used during registration. Go to your Sporcle Settings to finish the process.

Report this User

Report this user for behavior that violates our Community Guidelines.

Details: